Loading...

Publications form cairo university herbarium

Bibliographic Details
Format: Printed Book
Language:English
LEADER 00292nam a2200085Ia 4500
008 210227s9999||||xx |||||||||||||| ||eng||
245 0 |a Publications form cairo university herbarium 
942 |c BK 
999 |c 357570  |d 357570 
952 |0 0  |1 0  |4 0  |7 0  |9 414660  |a BOT  |b BOT  |c SEC  |d 2021-03-01  |l 0  |p BOT4342  |r 2021-03-01  |w 2021-03-01  |y BK